|
|
|
|
| LEADER |
00000nam0a2200000 4500 |
| 001 |
674676 |
| 005 |
20241025134701.0 |
| 090 |
|
|
|a 674676
|
| 100 |
|
|
|a 20240918d2024 k||y0rusy50 ca
|
| 101 |
0 |
|
|a rus
|
| 102 |
|
|
|a RU
|
| 105 |
|
|
|a a dm 001yy
|
| 181 |
|
0 |
|a i
|b e
|
| 182 |
|
0 |
|a n
|
| 183 |
|
0 |
|a nc
|2 RDAcarrier
|
| 200 |
1 |
|
|a Снижение образования отложений в технологическом оборудовании при переработке нефтяного и газоконденсатного сырья
|e автореферат диссертации на соискание ученой степени кандидата технических наук
|e спец. 2.6.12
|f Сальникова Татьяна Владимировна
|g науч. рук. Г. В. Власова ; Астраханский государственный технический университет
|
| 203 |
|
|
|a Текст
|b визуальный
|c непосредственный
|
| 210 |
|
1 |
|a Томск
|d 2024
|
| 215 |
|
|
|a 24 с.
|c ил.
|
| 283 |
|
|
|a volume
|2 RDAcarrier
|
| 300 |
|
|
|a Защита сост. 28.06.2024
|
| 320 |
|
|
|a Список работ, опубликованных по теме диссертации: с. 23-24
|
| 320 |
|
|
|a Принятые обозначения и сокращения: с. 24
|
| 333 |
|
|
|a На правах рукописи
|
| 606 |
1 |
|
|a Нефтеперерабатывающие предприятия
|x Технологическое оборудование
|x Отложения
|9 88673
|
| 610 |
1 |
|
|a углеводородное сырье
|
| 610 |
1 |
|
|a природа
|
| 610 |
1 |
|
|a строение
|
| 610 |
1 |
|
|a объекты исследования
|
| 610 |
1 |
|
|a дизельные фракции
|
| 610 |
1 |
|
|a мазут
|
| 610 |
1 |
|
|a технологические добавки
|
| 610 |
1 |
|
|a осадок
|
| 610 |
1 |
|
|a волновое воздействие
|
| 610 |
1 |
|
|a нефтяное сырье
|
| 610 |
1 |
|
|a газоконденсатное сырье
|
| 610 |
1 |
|
|a физико-химические свойства
|
| 610 |
1 |
|
|a дисперсные свойства
|
| 610 |
1 |
|
|a загрязнение
|
| 610 |
1 |
|
|a снижение
|
| 610 |
1 |
|
|a экономический эффект
|
| 610 |
1 |
|
|a авторефераты диссертаций
|
| 675 |
|
|
|a 665.63.02(04)
|v 4
|
| 686 |
|
|
|2 oksvnk
|a 05.17.07
|
| 700 |
|
1 |
|a Сальникова
|b Т. В.
|g Татьяна Владимировна
|
| 702 |
|
1 |
|4 727
|a Власова
|b Г. В.
|g Галина Владимировна
|
| 712 |
0 |
2 |
|a Астраханский государственный технический университет
|4 570
|9 23384
|
| 801 |
|
0 |
|a RU
|b 63413507
|c 20240918
|
| 942 |
|
|
|c BK
|